000 00358nam a2200157Ia 4500
003 OSt
005 20231211061756.0
008 170524s9999 xx 000 0 und d
020 _a81-8204-016-7
040 _ciimt
100 _aRaj Kumar Singh
245 0 _aModern trends in hospitality industry
260 _bAman Pub
260 _c2006
942 _2ddc
_c02
999 _c7398
_d7398